000 00445nam a2200181Ia 4500
003 GCL
008 140319s9999 xx 000 0 eng d
040 _aGCL /
_cGCL
082 0 4 _a709
_bS T
100 1 _aWEST, SHEARER
245 1 0 _aTHE BULFINCH GUIDE TO ART HISTORY /
_cWEST, SHEARER
260 _a[S.N] :
_bBULFINCH PRESS BOOK
300 _a911
650 0 4 _aARTS
650 0 4 _aARCHITECTURE
650 0 4 _aARTS, HISTORY
942 _2ddc
_cBK
999 _c12948
_d12948